Shiloh : conquer or perish /

Bibliographic Details
Main Author: Smith, Timothy B., 1974- (Author)
Format: Book
Language:English
Published: Lawrence : University Press of Kansas, [2014]
Series:Modern war studies.
Subjects:

MARC

Tag First Indicator Second Indicator Subfields
LEADER 00000cam a2200000 i 4500
001 in00003520521
005 20151206125046.0
008 140724t20142014ksuab e b 001 0 eng
010 |a  2014019701 
020 |a 9780700619955 (hardcover) 
020 |a 070061995X (hardcover) 
020 |z 9780700620395 (ebook) 
035 |a (OCoLC)ocn880501015 
040 |a DLC  |e rda  |c DLC  |d UtOrBLW 
043 |a n-us-tn 
049 |a TXAM 
050 0 0 |a E473.54  |b .S635 2014 
082 0 0 |a 973.7/31  |2 23 
100 1 |a Smith, Timothy B.,  |d 1974-  |e author. 
245 1 0 |a Shiloh :  |b conquer or perish /  |c Timothy B. Smith. 
264 1 |a Lawrence :  |b University Press of Kansas,  |c [2014] 
264 4 |c ©2014 
300 |a xix, 583 pages :  |b illustrations, maps ;  |c 24 cm. 
336 |a text  |b txt  |2 rdacontent 
337 |a unmediated  |b n  |2 rdamedia 
338 |a volume  |b nc  |2 rdacarrier 
490 1 |a Modern war studies 
504 |a Includes bibliographical references and index. 
505 0 |a "A grand design" -- "Time is precious and much needed" -- "The plains of Shiloh" -- "I would fight them if they were a million" -- "I was not only surprised, but astounded" -- "This valley of death" -- "The struggle for his encampments" -- "We've got to fight against time now" -- "Where the fight is the thickest" -- "I shall have to put the bayonet to them" -- "At all hazards" -- "They can never carry this line in the world" -- "Lick 'em to-morrow, though" -- "On monday morning the thing changed" -- "Very hotly engaged at an early hour" -- "Up to the mouths of the guns" -- "We drove back the legions of the enemy" -- "The tables are turning" -- "Making them pay dearly for their purchase" -- "Get away with what we have" -- "Finish the job while we are at it." 
650 0 |a Shiloh, Battle of, Tenn., 1862. 
830 0 |a Modern war studies. 
945 |a PromptCat 
946 |a stk 
947 |a A14840344425 
948 |a cataloged  |b h  |c 2015/1/7  |d c  |e dmitchel  |f 12:00:00 pm 
994 |a 92  |b TXA 
999 |a MARS 
999 f f |s 2633dff6-dedf-3d84-bdb4-464c2ae7e506  |i 67025ff0-92de-35bc-8087-28b858cbe2fe  |t 0 
952 f f |p normal  |a Texas A&M University  |b College Station  |c Sterling C. Evans Library  |d Evans: Library Stacks  |t 0  |e E473.54 .S635 2014  |h Library of Congress classification  |i unmediated -- volume  |m A14840344425 
998 f f |a E473.54 .S635 2014  |t 0  |l Evans: Library Stacks